| 000 | 00753nam a2200205Ia 4500 | ||
|---|---|---|---|
| 005 | 20251020182519.0 | ||
| 008 | 200515s9999 xx 000 0 und d | ||
| 082 | _a69.025.4/P26 | ||
| 100 | _aPARKER, Harry | ||
| 245 | 0 | _aDiseño simplificado de armaduras de techo para arquitectos y constructores | |
| 260 | _aMéxico, D.F. | ||
| 260 | _c1976 | ||
| 500 | _a1 ejemplar | ||
| 520 | _aMétodo práctico para diseñar las armaduras de techo comúnmente usadas. Además de los análisis graf. se proporcionan tbl. con los coeficientes de fuerzas para armaduras de acero y madera y numerosos ejemplos a fin de familiarizar al estudiante con el uso d | ||
| 650 | _aACERO | ||
| 650 | _aARMADURAS | ||
| 650 | _aLIB | ||
| 650 | _aMADERA | ||
| 942 | _cLIB | ||
| 999 |
_c1698 _d1698 |
||